| 000 | 00861nam a2200217 i 4500 | ||
|---|---|---|---|
| 001 | 166171 | ||
| 003 | ES-MaACL | ||
| 005 | 20230906213258.0 | ||
| 008 | 971217s1846 sp |||| | spa d | ||
| 080 | _a811.134.2'36 | ||
| 100 | 1 |
_aTerradillos, Ángel María. _9133185 |
|
| 245 | 1 | 0 |
_aProntuario de gramática castellana : _bsegún los principios de la filosofía de los idiomas / _cpor Ángel María Terradillos. |
| 250 | _a2ª ed. | ||
| 260 |
_aMadrid : _b[s.n.], _c1846 ( _fImp. de la Viuda de Jordán e Hijos) |
||
| 300 |
_a128 p. ; _c15 cm. |
||
| 490 | 1 |
_aColección de prontuarios elementales ; _v1 |
|
| 650 | 4 |
_aLengua española- _xGramática. _914161 |
|
| 830 | 1 |
_aColección de prontuarios elementales ; _v1 _9222523 |
|
| 852 | 4 |
_aES-MaACL _jT-27-F-5 _z- Enc. hol., falto de cub. original _z- Enc. en un vol. facticio |
|
| 999 |
_c166171 _d166171 |
||